000 00582nam a2200217Ia 4500
005 20260629163255.0
008 260629s9999||||xx |||||||||||||| ||und||
020 _a9789350497630
_qpbk
082 _a338.954
_bKAL
100 _aKalam, A. P. J. Abdul
245 0 _aWe can do it : thoughts for change
260 _a[S.l.]
_bPentagon Press
_c2014
300 _axxv, 289p. ; 23cm.
653 _aIndia—Economic policy
653 _aLeadership
653 _aNation-building
653 _aSocial change
653 _aSuccess
700 _aPillai, A. Sivathanu
942 _cBK
999 _c57332
_d57332